Top 300 Girls Names, England and Wales, 2015 Quiz Stats

 Plays Quiz not verified by Sporcle

Challenge
Share
Tweet
Embed
Score 0/300 Timer 20:00
0 Plays Today
Name % Correct
Olivia
94.2%
Amelia
93%
Anna
92.4%
Emily
91.9%
Jessica
91.9%
Molly
90.7%
Eliza
90.7%
Emma
90.7%
Isabel
90.7%
Elizabeth
90.1%
Hannah
89.5%
Hanna
89.5%
Sara
89%
Mia
88.4%
Charlotte
88.4%
Eve
88.4%
Isabella
87.8%
Sophie
87.8%
Sarah
87.8%
Sophia
87.2%
Grace
87.2%
Rose
87.2%
Eva
86%
Lily
85.5%
Ellie
85.5%
Mary
85.5%
Ava
84.9%
Lucy
84.9%
Maria
84.9%
Julia
84.9%
Katie
84.9%
Ruby
84.3%
Laura
84.3%
Katherine
84.3%
Chloe
83.7%
Isabelle
83.7%
Alice
83.7%
Evelyn
83.7%
Holly
83.7%
Victoria
83.7%
Lauren
83.7%
Ella
83.1%
Eleanor
83.1%
Rachel
82.6%
Bella
82%
Amy
82%
Daisy
80.8%
Abigail
80.8%
Zoe
80.8%
Alexa
79.7%
Catherine
79.7%
Rosie
79.1%
Jennifer
79.1%
Poppy
78.5%
Georgia
77.9%
Madison
77.9%
Annie
77.3%
Jasmine
76.7%
Alexandra
76.7%
Natalie
76.7%
Erin
76.2%
Bethany
75.6%
Rebecca
75.6%
Alicia
75.6%
Evie
75%
Gracie
75%
Clara
75%
Maya
74.4%
Lola
74.4%
Lilly
74.4%
Violet
73.8%
Isla
73.3%
Leah
73.3%
Millie
72.7%
Rosa
72.1%
Sofia
71.5%
Ivy
71.5%
Nicole
71.5%
Mollie
70.3%
Angel
70.3%
Amber
69.8%
Aria
69.8%
Annabel
69.8%
Olive
69.8%
Melissa
69.8%
Megan
69.2%
Faith
69.2%
Nina
69.2%
Alexis
68%
Georgina
68%
Annabelle
67.4%
Gabriella
67.4%
Layla
66.9%
Emilia
66.9%
Harriet
66.9%
Natalia
66.9%
Jessie
66.9%
Ana
66.9%
Brooke
66.3%
Alyssa
66.3%
Name % Correct
Esther
65.7%
Belle
65.7%
Phoebe
65.1%
Hollie
65.1%
Iris
65.1%
Hope
65.1%
Kayla
65.1%
Elsa
65.1%
Zara
64.5%
Elena
64%
Freya
63.4%
Florence
63.4%
Martha
62.8%
Isobel
62.8%
Scarlet
62.8%
Lillian
62.8%
Cora
62.2%
Francesca
61.6%
Elise
61.6%
Lila
61.6%
Josephine
61.6%
Lucia
61%
Cara
61%
Matilda
60.5%
Elsie
60.5%
Amelie
60.5%
Sienna
59.9%
Penelope
59.3%
Maggie
59.3%
Tia
59.3%
Scarlett
58.7%
Willow
58.7%
Lydia
58.7%
Savannah
58.7%
Madeleine
58.7%
Summer
58.1%
Keira
58.1%
Mila
57.6%
Arianna
57.6%
Maisie
57%
Heidi
57%
Lexi
57%
Paige
57%
Edith
57%
Ariana
57%
Lara
57%
Autumn
57%
Naomi
57%
Lexi
57%
Lillie
56.4%
Leila
56.4%
Imogen
55.8%
Mya
55.8%
Luna
55.8%
Caitlin
55.8%
Eloise
55.2%
India
55.2%
Niamh
54.7%
Seren
54.7%
Harper
54.1%
Beatrice
54.1%
Diana
54.1%
Nancy
53.5%
Taylor
52.9%
Vanessa
52.3%
Lottie
51.7%
Lena
51.7%
Alexia
51.7%
Maia
50.6%
Sadie
50%
Penny
49.4%
Lacey
48.8%
Liliana
48.8%
Alana
48.8%
Esme
48.3%
Maisy
48.3%
Felicity
47.7%
Delilah
47.7%
Laila
47.7%
Nevaeh
47.1%
Tilly
47.1%
April
47.1%
Nadia
47.1%
Emilie
47.1%
Lois
46.5%
Polly
46.5%
Maddison
45.9%
Lyla
45.9%
Aurora
45.3%
Connie
45.3%
Georgie
45.3%
Melody
44.8%
Lana
44.2%
Audrey
43%
Darcy
42.4%
Arabella
42.4%
Gabriela
42.4%
Maddie
42.4%
Pippa
41.9%
Evangeline
41.9%
Name % Correct
Fatima
41.3%
Tabitha
41.3%
Robyn
39.5%
Aaliyah
39.5%
Edie
39.5%
Skylar
39.5%
Orla
39%
Skyla
39%
Yasmin
39%
Thea
38.4%
Darcie
38.4%
Darcey
38.4%
Aisha
37.8%
Aoife
37.8%
Anya
37.8%
Ada
37.8%
Alisha
37.8%
Skye
37.2%
Bonnie
37.2%
Libby
37.2%
Hazel
37.2%
Macie
36%
Faye
36%
Arya
34.3%
Lyra
34.3%
Eden
33.7%
Emelia
33.7%
Jemima
33.7%
Eliana
33.7%
Hattie
33.7%
Neve
33.1%
Frankie
32.6%
Peyton
32.6%
Aliyah
32.6%
Maryam
31.4%
Constance
31.4%
Piper
30.8%
Emmie
30.8%
Amaya
30.2%
Betsy
29.7%
Talia
29.7%
Elodie
29.1%
Beatrix
29.1%
Amira
29.1%
Zahra
28.5%
Honey
28.5%
Indie
27.9%
Mariam
27.3%
Hallie
27.3%
Dolly
27.3%
Amina
26.7%
Anastasia
26.7%
Lilah
26.2%
Mabel
25.6%
Ebony
25.6%
Lily-Mae
25%
Zainab
24.4%
Ayesha
24.4%
Minnie
24.4%
Pearl
23.8%
Ayla
23.3%
Lily-Rose
23.3%
Myla
22.1%
Anaya
21.5%
Esmee
21.5%
Halle
21.5%
Marnie
19.8%
Maja
19.8%
Cleo
19.8%
Beau
19.2%
Hafsa
19.2%
Esmae
18.6%
Zoya
18.6%
Safa
18%
Zofia
17.4%
Ophelia
17.4%
Antonia
16.3%
Lilly-Mae
16.3%
Khadija
15.7%
Khadijah
15.7%
Margot
15.1%
Amara
14%
Zaynab
14%
Ffion
14%
Zuzanna
13.4%
Amelia-Rose
12.8%
Fleur
12.8%
Inaaya
12.2%
Aleena
11%
Ella-Rose
11%
Alba
10.5%
Aliza
9.3%
Anayah
9.3%
Syeda
9.3%
Alicja
7.6%
Aiza
7.6%
Primrose
7%
Noor
6.4%
Aizah
5.8%
Inayah
5.8%

You're not logged in!

Compare scores with friends on all Sporcle quizzes.
Join for Free
OR
Log In

You Might Also Like...

Show Comments

Extras

Top Quizzes Today


Score Distribution

Your Account Isn't Verified!

In order to create a playlist on Sporcle, you need to verify the email address you used during registration. Go to your Sporcle Settings to finish the process.

Report this User

Report this user for behavior that violates our Community Guidelines.

Details: